[Event "BL 0607 Werder Bremen - Bindl-Aktionär"]
[Site "?"]
[Date "2006.12.09"]
[Round "5.8"]
[White "Knaak, Rainer"]
[Black "Markos, Jan"]
[Result "0-1"]
[BlackElo "2538"]
[WhiteElo "2486"]

1. d4 Nf6 2. c4 e6 3. Nc3 Bb4 4. Qc2 c5 5. dxc5 O-O 6. a3 Bxc5 7. Nf3 b6 8. Bg5 Bb7 9. e4 h6 10. Bh4 Be7 11. O-O-O Nc6 12. e5 Ne8 13. Bg3 Na5 14. Be2 Rc8 15. Rd4 Bxf3 16. Bxf3 Nxc4 17. Rhd1 d5 18. exd6 Bxd6 19. Be2 Nxa3 20. bxa3 Bxa3+ 21. Kb1 Qe7 22. Qb3 Nf6 23. Ba6 Ra8 24. Bh4 Bc5 25. Rd7 Qxd7 26. Rxd7 Nxd7 27. f4 Bd4 28. Qa4 Bf6 29. Qxd7 Bxh4 30. f5 exf5 31. Qxf5 Rad8 32. Bc4 Rd4 33. Bb3 Rd2 34. Ne4 Rxg2 35. h3 Rg1+ 36. Kc2 Rg2+ 37. Kb1 Rg1+ 38. Kc2 g6 39. Qd7 Rg2+ 40. Kb1 Rg1+ 41. Kb2 Rf1 42. Bc4 Bf6+ 43. Nxf6+ Rxf6 44. Qxa7 Rc8 45. Bd5 Rc5 46. Qd7 Rf5 47. Bb3 Rf2+ 48. Ka3 Ra5+ 49. Kb4 Rf4+ 50. Kc3 Rg5 51. Qe8+ Kg7 52. Qe3 Rgf5 53. Bd1 Rc5+ 54. Kb3 Rf6 55. Qd4 Rf5 56. Be2 Rf2 57. Qe3 h5 58. Bd1 Rg2 59. Qe5 Rd2 60. Be2 Rd6 61. Bc4 Rc6 62. Bd5 Rc1 63. Bc4 Rh1 64. Qc3 Rg1 65. Qe3 Rg2 66. Bd5 Rgf2 67. Qd4 Kh7 68. Qe5 R2f5 69. Qe7 Kg7 70. Qd7 Rg5 71. Be4 Rg3+ 72. Kc4 Re3 73. Qd4 Rxh3 74. Kb5 Rb3+ 75. Ka6 Rg3 76. Bd5 Rg4 77. Qc3 Rf4 78. Kb7 Rf5 79. Qd4 h4 80. Bg2 Rf4 81. Qe5 Rg4 82. Bd5 Rf4 83. Bg2 Rf5 84. Qd4 g5 85. Bh3 Rf3 86. Qe5 Rxh3 87. Qxg5+ Rg6 88. Qe5+ Kh7 89. Qf5 Rg3 90. Qh5+ Rh6 91. Qf5+ Rgg6 92. Ka6 Kg7 93. Qe5+ Rf6 94. Qg5+ Rhg6 95. Qxh4 Rg2 96. Qd4 Rg5 97. Kb7 Kg6 98. Qe4+ Kg7 99. Qd4 b5 100. Qc3 Rg6 101. Qd4 b4 102. Kc7 b3 103. Kd7 Kg8  0-1

[Event "BL 0607 Hamburger SK - Werder Bremen"]
[Site "www.hsk1830.de"]
[Date "2006.11.17"]
[Round "7.6"]
[White "Mueller, Karsten Dr"]
[Black "Schandorff, Lars"]
[Result "1/2-1/2"]
[BlackElo "2534"]
[WhiteElo "2500"]

1. e4 e5 2. Bc4 Nf6 3. d3 Nc6 4. Nc3 Bb4 5. Ne2 d5 6. exd5 Nxd5 7. O-O Be6 8. Bxd5 Bxd5 9. f4 O-O 10. f5 f6 11. Ng3 Re8 12. Nce4 Bf8 13. Qg4 Kh8 14. Be3 Bf7 15. Kh1 Nd4 16. Rf2 a5 17. c3 Nb5 18. Rd2 a4 19. a3 b6 20. Rf1 Nd6 21. Rf3 Re7 22. Nxd6 Qxd6 23. Ne4 Qc6 24. Qh4 Rd7 25. Rh3 Bg8 26. Kg1 Rad8 27. Nf2 Qb5 28. Qe4 Qb3 29. Qf3 c5 30. g4 e4 31. Nxe4 Rxd3 32. Re2 Qd5 33. Nf2 Qxf3 34. Rxf3 R3d7 35. Bf4 Bc4 36. Re1 b5 37. Rfe3 Bf7 38. g5 Rd5 39. gxf6 gxf6 40. Ng4 Rxf5 41. Nh6 Bxh6 42. Bxh6 Rg8+ 43. Rg3 Rh5 44. Rxg8+ Kxg8 45. Bf4 Kg7 46. Kf2 Rf5 47. Kg3 Rd5 48. Re2 Rd3+ 49. Be3 b4 50. cxb4 cxb4 51. axb4 Rb3 52. Kf2 Rxb4 53. Rd2 Rh4 54. Kg3 Re4 55. Kf3 Rb4 56. Bd4 Rb3+ 57. Ke4 Rb8 58. Bc3 Re8+ 59. Kf5 Be6+ 60. Kf4 Rc8 61. Rd6 Kf7 62. Ra6 Rc4+ 63. Kg3 h5 64. Kf3 Rh4 65. Kg3 Rg4+ 66. Kf2 Rc4 67. Kf3 Rh4 68. Kg3 Rg4+ 69. Kf2 h4 70. Kf3 Rc4 71. h3 Bd5+ 72. Ke3 Re4+ 73. Kd3 Rf4 74. Ke3 Re4+ 75. Kd3 Rf4 76. Ke3 Re4+  1/2-1/2

[Event "BL 0607 SV Wattenscheid - Solinger SG"]
[Site "?"]
[Date "2006.11.17"]
[Round "7.8"]
[White "Straeter, Timo"]
[Black "Ernst, Sipke"]
[Result "1-0"]
[BlackElo "2512"]
[WhiteElo "2345"]

1. d4 Nf6 2. c4 e6 3. Nc3 Bb4 4. e3 O-O 5. Ne2 Re8 6. a3 Bf8 7. g3 d5 8. cxd5 exd5 9. Bg2 c6 10. O-O Na6 11. Nf4 Nc7 12. b4 a6 13. f3 Nb5 14. Nxb5 axb5 15. Bd2 Nd7 16. e4 dxe4 17. fxe4 Nf6 18. Bc3 Nxe4 19. Bb2 Bd7 20. Qd3 Nd6 21. d5 Bf5 22. Qd4 Be4 23. Ne6 Rxe6 24. dxe6 Bxg2 25. exf7+ Nxf7 26. Kxg2 Qg5 27. Qd7 Qg6 28. Rad1 c5 29. Qd5 cxb4 30. axb4 Qc6 31. Qxc6 bxc6 32. Rd7 Ng5 33. h4 Ne4 34. Ra1 Rxa1 35. Bxa1 c5 36. Kf3 Nf6 37. Bxf6 gxf6 38. bxc5 Bxc5 39. Rd5 Bf8 40. Rxb5 Kg7 41. Rd5 Kg6 42. g4 Bb4 43. Ke4 Be1 44. h5+ Kg7 45. Kf5 Bh4 46. Rd7+ Kh6 47. Rb7 Bg5 48. Rb8 Kg7 49. Ke6 Bh4 50. Rb7+ Kh6 51. Rb5 Kg7 52. Rd5 Bg5 53. Rd7+ Kh6 54. Kf7 Bh4 55. Kg8 f5 56. Rxh7+ Kg5 57. Rg7+ Kh6 58. Rg6#  1-0

[Event "BL 0607 SG Köln Porz - SC Remagen"]
[Site "?"]
[Date "2006.11.17"]
[Round "7.1"]
[White "Fedorchuk, Sergey"]
[Black "Vaganian, Rafael A"]
[Result "1/2-1/2"]
[BlackElo "2587"]
[WhiteElo "2599"]

1. e4 e6 2. d4 d5 3. Nd2 c5 4. Ngf3 Nc6 5. exd5 exd5 6. Bb5 Bd6 7. dxc5 Bxc5 8. O-O Ne7 9. Nb3 Bd6 10. Bg5 O-O 11. Re1 Bg4 12. Bh4 Qc7 13. Bg3 Rad8 14. c3 Nf5 15. Bxd6 Rxd6 16. h3 Bxf3 17. Qxf3 Nh4 18. Qh5 Ng6 19. g3 f5 20. Rad1 f4 21. g4 Qd8 22. Bd3 Re8 23. Nc5 Re7 24. Bf5 Nce5 25. Rxe5 Rxe5 26. Nxb7 Qe7 27. Nxd6 Re1+ 28. Rxe1 Qxe1+ 29. Kg2 f3+ 30. Kg3 Qg1+ 31. Kxf3 Qd1+ 32. Ke3 Qe1+ 33. Kf3 Qd1+  1/2-1/2

[Event "BL 0607 SC Eppingen - SC Bann"]
[Site "?"]
[Date "2007.02.03"]
[Round "8.1"]
[White "Laznicka, Viktor"]
[Black "Gyimesi, Zoltan"]
[Result "0-1"]
[BlackElo "2616"]
[WhiteElo "2596"]

1. d4 Nf6 2. c4 e6 3. Nc3 Bb4 4. e3 c5 5. Ne2 d5 6. a3 Ba5 7. dxc5 dxc4 8. Qxd8+ Bxd8 9. Nd4 Nbd7 10. Bxc4 Nxc5 11. f3 a6 12. b4 Ncd7 13. e4 Ne5 14. Be2 Bb6 15. Be3 Bd7 16. O-O-O Nc6 17. Kb2 Bxd4 18. Bxd4 Nxd4 19. Rxd4 e5 20. Rd2 Ke7 21. Rhd1 Rhd8 22. Bc4 Rac8 23. Bb3 Be8 24. a4 Rxd2+ 25. Rxd2 b6 26. Bd5 Bc6 27. Bxc6 Rxc6 28. b5 axb5 29. Nxb5 Nd7 30. Nc3 Ke6 31. Kb3 Nc5+ 32. Kb4 Na6+ 33. Kb3 Nc5+ 34. Ka3 g6 35. g4 f5 36. exf5+ gxf5 37. gxf5+ Kxf5 38. Nd5 Ke6 39. Ne3 Ne4 40. fxe4 Rc3+ 41. Kb4 Rxe3 42. Kb5 Rxe4 43. Ra2 Kd6 44. Kxb6 Rb4+ 45. Ka7 e4 46. Ra3 Ke5 47. a5 Kd4 48. Rh3 e3 49. Rxh7 e2  0-1

[Event "BL 0607 SC Kreuzberg - SF Katernberg"]
[Site "?"]
[Date "2007.04.01"]
[Round "15.3"]
[White "Chuchelov, Vladimir"]
[Black "Tischbierek, Raj"]
[Result "1/2-1/2"]
[BlackElo "2486"]
[EventDate "2007.??.??"]
[PlyCount "32"]
[WhiteElo "2539"]

1. c4 e5 2. Nc3 Nf6 3. Nf3 Nc6 4. e3 Bb4 5. Qc2 Bxc3 6. Qxc3 Qe7 7. a3 d5 8. d4 exd4 9. Nxd4 Nxd4 10. Qxd4 c5 11. Qh4 dxc4 12. Bxc4 Be6 13. Be2 O-O 14. O-O Bb3 15. Bd2 Qe6 16. Bf3 Rad8  1/2-1/2

[Event "BL 0607 SC Kreuzberg - SF Katernberg"]
[Site "?"]
[Date "2007.04.01"]
[Round "15.4"]
[White "Volke, Karsten"]
[Black "Glek, Igor V"]
[Result "1/2-1/2"]
[BlackElo "2538"]
[EventDate "2007.??.??"]
[PlyCount "54"]
[WhiteElo "2478"]

1. d4 Nf6 2. c4 c5 3. d5 e5 4. Nc3 d6 5. e4 Be7 6. Be2 O-O 7. Nf3 Nbd7 8. O-O Ne8 9. Ne1 Bg5 10. Nd3 g6 11. a3 Bxc1 12. Rxc1 Nb6 13. b3 Qe7 14. Qd2 f5 15. f4 fxe4 16. Nxe4 Bf5 17. Ng3 Bxd3 18. Bxd3 Rxf4 19. Rxf4 exf4 20. Qxf4 Nf6 21. Bf5 Rf8 22. Be6+ Kg7 23. Qd2 Nbd7 24. Qg5 Kh8 25. Ne4 Kg7 26. Ng3 Kh8 27. Ne4 Kg7  1/2-1/2

[Event "BL 0607 SC Kreuzberg - SF Katernberg"]
[Site "?"]
[Date "2007.04.01"]
[Round "15.5"]
[White "Siebrecht, Sebastian"]
[Black "Löffler, Stefan"]
[Result "1/2-1/2"]
[BlackElo "2448"]
[EventDate "2007.??.??"]
[PlyCount "128"]
[WhiteElo "2463"]

1. d4 Nf6 2. Nf3 c6 3. e3 g6 4. Bd3 Bg7 5. O-O O-O 6. e4 d6 7. h3 c5 8. dxc5 dxc5 9. Nc3 Nc6 10. Bg5 h6 11. Be3 Nd4 12. Re1 Nd7 13. Bf1 Nb8 14. Nh2 Nbc6 15. Qd2 Kh7 16. f4 e5 17. Nd5 f5 18. fxe5 Nxe5 19. c3 fxe4 20. Nf4 Qh4 21. cxd4 cxd4 22. Bxd4 Rxf4 23. Bf2 Rxf2 24. Qxf2 Qxf2+ 25. Kxf2 Bf5 26. g4 Bd7 27. Rxe4 Bc6 28. Re3 Rf8+ 29. Kg3 g5 30. Rae1 Ng6 31. Bd3 Bd4 32. Nf3 Bxe3 33. Rxe3 Kg7 34. Bxg6 Kxg6 35. Ne5+ Kf6 36. Nxc6 bxc6 37. Rf3+ Ke7 38. Rxf8 Kxf8 39. Kf3 Ke7 40. Ke4 Kf6 41. Kd4 Ke6 42. Kc5 Kd7 43. Kb4 Kc7 44. Ka5 Kb7 45. Kb4 Kb6 46. Kc4 Kc7 47. Kc5 Kd7 48. Kb4 Kc7 49. Ka5 Kb7 50. a4 Kc7 51. Ka6 Kb8 52. Ka5 Kc7 53. Kb4 Kd6 54. Kc4 Ke6 55. Kc5 Kd7 56. b3 Kc7 57. b4 Kd7 58. Kc4 Kc7 59. Kd3 Kd7 60. Ke4 Ke6 61. Kd4 Kd6 62. Kc4 Kc7 63. Kc5 Kd7 64. Kc4 Kc7  1/2-1/2

[Event "BL 0607 SC Kreuzberg - SF Katernberg"]
[Site "?"]
[Date "2007.04.01"]
[Round "15.6"]
[White "Richter, Michael"]
[Black "Souleidis, Georgios"]
[Result "0-1"]
[BlackElo "2407"]
[EventDate "2007.??.??"]
[PlyCount "81"]
[WhiteElo "2396"]

1. d4 Nf6 2. Nf3 g6 3. g3 Bg7 4. Bg2 O-O 5. O-O d6 6. b3 Nbd7 7. Bb2 Ne4 8. c4 f5 9. Nbd2 Nxd2 10. Qxd2 e6 11. Rac1 Nf6 12. Qc2 Qe7 13. Nd2 e5 14. dxe5 dxe5 15. e4 f4 16. gxf4 Nh5 17. Bxe5 Bxe5 18. fxe5 Nf4 19. Kh1 Qh4 20. Qc3 Ne2 21. Qd3 Nxc1 22. Qd5+ Kg7 23. Rxc1 Bh3 24. Bxh3 Qxh3 25. e6 Rae8 26. Qe5+ Kg8 27. Rc3 Qxe6 28. Qxe6+ Rxe6 29. Kg2 Rd8 30. Rc2 Red6 31. Nf1 Rd1 32. c5 c6 33. Rc4 R8d4 34. Ne3 R1d2 35. a3 Kf7 36. Rxd4 Rxd4 37. Nc4 Ke6 38. Na5 Rd3 39. Kf1 Ke5 40. Ke2 Kxe4 41. Nxb7  0-1

[Event "BL 0607 SC Kreuzberg - SF Katernberg"]
[Site "?"]
[Date "2007.04.01"]
[Round "15.7"]
[White "Thesing, Matthias"]
[Black "Glienke, Manfred Dr"]
[Result "1/2-1/2"]
[BlackElo "2316"]
[EventDate "2007.??.??"]
[PlyCount "31"]
[WhiteElo "2410"]

1. e4 e5 2. Nf3 d6 3. d4 Nf6 4. Nc3 Nbd7 5. Bc4 Be7 6. O-O c6 7. a4 O-O 8. Re1 Qc7 9. Ba2 b6 10. h3 a6 11. Nh4 Re8 12. Nf5 Nf8 13. dxe5 dxe5 14. Qf3 Be6 15. Ne2 Bxa2 16. Rxa2  1/2-1/2

[Event "BL 0607 SK König-Tegel - SV Mülheim Nor"]
[Site "?"]
[Date "2007.04.01"]
[Round "15.2"]
[White "Stern, Rene"]
[Black "Landa, Konstantin"]
[Result "0-1"]
[BlackElo "2570"]
[EventDate "2007.??.??"]
[PlyCount "20"]
[WhiteElo "2476"]

1. d4 Nf6 2. c4 e6 3. Nc3 Bb4 4. Qb3 c5 5. dxc5 Nc6 6. Bg5 h6 7. Bxf6 Qxf6 8. Nf3 b6 9. cxb6 axb6 10. e3 Ra3  0-1

[Event "BL 0607 SK König-Tegel - SV Mülheim Nor"]
[Site "?"]
[Date "2007.04.01"]
[Round "15.5"]
[White "Saltaev, Mihail"]
[Black "Tomczak, Rainer"]
[Result "1-0"]
[BlackElo "2323"]
[EventDate "2007.??.??"]
[PlyCount "79"]
[WhiteElo "2512"]

1. e4 c5 2. Nf3 Nc6 3. d4 cxd4 4. Nxd4 e5 5. Nb5 a6 6. Nd6+ Bxd6 7. Qxd6 Qf6 8. Qd1 Qg6 9. Nc3 d5 10. Nxd5 Qxe4+ 11. Ne3 Nge7 12. Bd3 Qd4 13. c3 Qc5 14. Qc2 Be6 15. b4 Qd6 16. Nc4 Qc7 17. Be3 e4 18. Be2 b5 19. Nd2 f5 20. Bc5 Nd5 21. O-O Nf4 22. Rfe1 Nxe2+ 23. Rxe2 Kf7 24. f3 e3 25. Rxe3 Rhe8 26. Rae1 g6 27. Nb3 Bc4 28. Qf2 Qf4 29. Qd2 Rad8 30. Re7+ Rxe7 31. Rxe7+ Nxe7 32. Qxf4 Rd1+ 33. Kf2 Nd5 34. Qh6 f4 35. Qf8+ Ke6 36. Nd4+ Kd7 37. Qd6+ Ke8 38. Qe6+ Kd8 39. Nc6+ Kc7 40. Qd6+  1-0

[Event "BL 0607 SK König-Tegel - SV Mülheim Nor"]
[Site "?"]
[Date "2007.04.01"]
[Round "15.8"]
[White "Giemsa, Stephan"]
[Black "Wegener, Olaf"]
[Result "1/2-1/2"]
[BlackElo "2404"]
[EventDate "2007.??.??"]
[PlyCount "41"]
[WhiteElo "2276"]

1. d4 Nf6 2. c4 e6 3. Nf3 b6 4. g3 Ba6 5. Qa4 Bb7 6. Bg2 c5 7. dxc5 Bxc5 8. O-O O-O 9. Nc3 Be7 10. Bf4 Na6 11. Rfd1 Nc5 12. Qc2 Qc8 13. Rd4 d5 14. cxd5 Nxd5 15. Bg5 Nf6 16. Rc1 h6 17. Bf4 Rd8 18. Rxd8+ Qxd8 19. Rd1 Qe8 20. Ne5 Bxg2 21. Kxg2  1/2-1/2

[Event "BL 0607 Bindl-Aktionär - TV Tegernsee"]
[Site "?"]
[Date "2007.04.01"]
[Round "15.4"]
[White "Bischoff, Klaus"]
[Black "Sokolov, Andrei"]
[Result "1/2-1/2"]
[BlackElo "2580"]
[EventDate "2007.??.??"]
[PlyCount "83"]
[WhiteElo "2533"]

1. Nf3 Nf6 2. c4 e6 3. Nc3 Bb4 4. Qc2 O-O 5. e3 d6 6. Be2 e5 7. d3 c5 8. Bd2 Nc6 9. a3 Bxc3 10. Bxc3 a5 11. b3 Qe7 12. O-O d5 13. cxd5 Nxd5 14. Bb2 Bd7 15. Rac1 b6 16. Rfe1 Rfc8 17. Bf1 Bg4 18. Nd2 Bh5 19. Nc4 Qc7 20. g3 Bg6 21. Nd2 Re8 22. Qc4 Rad8 23. d4 Nf6 24. Nf3 exd4 25. exd4 Be4 26. Ne5 Bd5 27. Qc2 Nxe5 28. dxe5 Nd7 29. f4 Nb8 30. Rcd1 Nc6 31. Rd2 Be6 32. Rxd8 Qxd8 33. Rd1 Nd4 34. Bxd4 cxd4 35. Qb2 Qd5 36. Rxd4 Qxb3 37. Qxb3 Bxb3 38. Rd6 Rb8 39. Bb5 Be6 40. Kf2 Kf8 41. Ke3 g6 42. Kd4  1/2-1/2

[Event "BL 0607 Bindl-Aktionär - TV Tegernsee"]
[Site "?"]
[Date "2007.04.01"]
[Round "15.7"]
[White "Teske, Henrik"]
[Black "Markos, Jan"]
[Result "1/2-1/2"]
[BlackElo "2538"]
[EventDate "2007.??.??"]
[PlyCount "23"]
[WhiteElo "2514"]

1. d4 Nf6 2. c4 e6 3. Nc3 Bb4 4. e3 O-O 5. Ne2 d5 6. a3 Bd6 7. Ng3 c6 8. Bd3 e5 9. dxe5 Bxe5 10. O-O dxc4 11. Bxc4 Qxd1 12. Rxd1  1/2-1/2

[Event "BL 0607 SF Berlin - SC Eppingen"]
[Site "?"]
[Date "2007.04.01"]
[Round "15.2"]
[White "Polzin, Rainer"]
[Black "Postny, Evgeny"]
[Result "1/2-1/2"]
[BlackElo "2609"]
[EventDate "2007.??.??"]
[PlyCount "120"]
[WhiteElo "2480"]

1. e4 e5 2. Nf3 Nc6 3. Bb5 a6 4. Ba4 Nf6 5. O-O Be7 6. Re1 b5 7. Bb3 d6 8. c3 O-O 9. d4 Bg4 10. Be3 exd4 11. cxd4 d5 12. e5 Ne4 13. Nc3 Nxc3 14. bxc3 Qd7 15. h3 Bh5 16. g4 Bg6 17. Nd2 f5 18. Qf3 Rad8 19. g5 Na5 20. Bf4 Qe6 21. Bd1 Be8 22. Rb1 Nc4 23. Nb3 a5 24. Be2 a4 25. Nc1 Na3 26. Rb2 Nc4 27. Rb1 c5 28. Nd3 cxd4 29. cxd4 Qb6 30. Nc5 Bxc5 31. dxc5 Qe6 32. Bf1 Rc8 33. Qc3 Rxc5 34. Qd4 Rc8 35. Bg2 Rd8 36. Red1 Bc6 37. h4 Rfe8 38. h5 Kh8 39. Rd3 Rd7 40. Qc5 Red8 41. h6 g6 42. Bg3 Kg8 43. f4 Kf7 44. Bf2 Rb8 45. Bd4 Rbd8 46. Kh2 Rb7 47. Kg3 Rbd7 48. Bc3 Rb8 49. Bb4 Kg8 50. Rbd1 Rbd8 51. Rb1 Rc8 52. Qd4 Kf7 53. Rc1 Ba8 54. Rdc3 Bb7 55. Bf1 Ke8 56. a3 Kf7 57. Bg2 Kg8 58. Bf1 Kf7 59. Bd3 Ba8 60. Bf1 Bb7  1/2-1/2

[Event "BL 0607 SF Berlin - SC Eppingen"]
[Site "?"]
[Date "2007.04.01"]
[Round "15.3"]
[White "Braun, Arik"]
[Black "Thiede, Lars"]
[Result "1/2-1/2"]
[BlackElo "2504"]
[EventDate "2007.??.??"]
[PlyCount "119"]
[WhiteElo "2525"]

1. d4 Nf6 2. c4 g6 3. Nc3 Bg7 4. e4 d6 5. f3 O-O 6. Be3 c5 7. d5 e6 8. Nge2 exd5 9. cxd5 Nbd7 10. Ng3 h5 11. Be2 h4 12. Nf1 Nh7 13. Nd2 f5 14. g3 a6 15. a4 Bd4 16. Nc4 Bxe3 17. Nxe3 f4 18. gxf4 Rxf4 19. Rg1 Ne5 20. Ng2 Qg5 21. Qd2 Rxf3 22. Qxg5 Nxg5 23. O-O-O Rf6 24. Nxh4 Nh3 25. Rdf1 Rxf1+ 26. Rxf1 Kg7 27. Nf3 Nxf3 28. Bxf3 Bd7 29. Bg2 Ng5 30. e5 dxe5 31. d6 Rb8 32. Bd5 Bf5 33. Re1 Kf6 34. Bc4 e4 35. a5 Nf3 36. Rd1 Rd8 37. Na4 Ne5 38. b3 Nd3+ 39. Bxd3 exd3 40. Nxc5 Rxd6 41. Kd2 b6 42. axb6 Rxb6 43. Ra1 Kg5 44. Rxa6 Rb5 45. Ne6+ Bxe6 46. Rxe6 Rxb3 47. h4+ Kh5 48. Re4 Ra3 49. Rb4 Ra1 50. Kxd3 Rg1 51. Ke3 Rg4 52. Rb8 Kxh4 53. Kf3 Rg3+ 54. Kf2 g5 55. Rh8+ Kg4 56. Ra8 Rb3 57. Kg2 Rb2+ 58. Kg1 Kh4 59. Ra1 g4 60. Rc1  1/2-1/2

[Event "BL 0607 Werder Bremen - SC Bann"]
[Site "?"]
[Date "2007.04.01"]
[Round "15.4"]
[White "Hracek, Zbynek"]
[Black "Jirovsky, Milos"]
[Result "1/2-1/2"]
[BlackElo "2492"]
[EventDate "2007.??.??"]
[PlyCount "43"]
[WhiteElo "2614"]

1. e4 c5 2. Nf3 d6 3. d4 cxd4 4. Nxd4 Nf6 5. Nc3 g6 6. Be3 Bg7 7. f3 O-O 8. Qd2 Nc6 9. Bc4 Bd7 10. h4 Rc8 11. Bb3 h5 12. O-O-O Ne5 13. Bg5 Rc5 14. Kb1 Re8 15. Bh6 Qa5 16. Bxg7 Kxg7 17. Rhe1 b5 18. Nd5 Qxd2 19. Rxd2 a5 20. a3 Nc6 21. c3 Ne5 22. Ne3  1/2-1/2

[Event "BL 0607 Werder Bremen - SC Bann"]
[Site "?"]
[Date "2007.04.01"]
[Round "15.5"]
[White "Slobodjan, Roman"]
[Black "Pelletier, Yannick"]
[Result "1/2-1/2"]
[BlackElo "2588"]
[EventDate "2007.??.??"]
[PlyCount "33"]
[WhiteElo "2525"]

1. Nf3 d5 2. d4 Nf6 3. Bf4 c5 4. c3 Qb6 5. Qb3 c4 6. Qc2 Nc6 7. Nbd2 Bg4 8. Ne5 Nxe5 9. Bxe5 Nd7 10. Bg3 Qc6 11. e4 e6 12. Be2 Bxe2 13. Kxe2 Be7 14. Rhe1 dxe4 15. Qxe4 Qxe4+ 16. Nxe4 Rc8 17. Kd1  1/2-1/2

[Event "BL 0607 Werder Bremen - SC Bann"]
[Site "?"]
[Date "2007.04.01"]
[Round "15.6"]
[White "Babula, Vlastimil"]
[Black "Bunzmann, Dimitri"]
[Result "1-0"]
[BlackElo "2530"]
[EventDate "2007.??.??"]
[PlyCount "119"]
[WhiteElo "2584"]

1. d4 d5 2. c4 e6 3. Nc3 a6 4. cxd5 exd5 5. Nf3 c6 6. Bf4 Bd6 7. Bxd6 Qxd6 8. e3 Ne7 9. Be2 Nd7 10. O-O Nf6 11. Na4 Rb8 12. Rc1 O-O 13. Nc5 Rd8 14. b4 b6 15. Nd3 Ne4 16. a4 Bf5 17. a5 Rdc8 18. axb6 Rxb6 19. Qa4 Rcb8 20. Qa5 Qd8 21. Rfd1 Nd6 22. Nc5 Rxb4 23. Qxd8+ Rxd8 24. Bxa6 f6 25. Ne1 Ra8 26. Bd3 Kf7 27. Ra1 Rxa1 28. Rxa1 Nb7 29. Nxb7 Rxb7 30. Bxf5 Nxf5 31. Nd3 g5 32. g3 h5 33. h3 Kg6 34. Kf1 Rb3 35. Ke2 Nd6 36. Ra6 Rc3 37. Nb4 Rb3 38. Nxd5 Rb2+ 39. Kf3 cxd5 40. Rxd6 Rb5 41. Rd7 Ra5 42. g4 h4 43. Rc7 Ra6 44. Rd7 Ra5 45. Kg2 Rb5 46. Rc7 Rb8 47. Rc5 Rd8 48. f4 gxf4 49. exf4 Rd6 50. Kf3 Ra6 51. Rxd5 Ra3+ 52. Ke4 Rxh3 53. Rd6 Ra3 54. g5 h3 55. Rxf6+ Kh5 56. Rh6+ Kg4 57. g6 Ra7 58. Ke5 Re7+ 59. Kf6 Re4 60. g7  1-0

[Event "BL 0607 Werder Bremen - SC Bann"]
[Site "?"]
[Date "2007.04.01"]
[Round "15.7"]
[White "Feller, Sebastien"]
[Black "Nyback, Tomi"]
[Result "0-1"]
[BlackElo "2575"]
[EventDate "2007.??.??"]
[PlyCount "82"]
[WhiteElo "2424"]

1. d4 Nf6 2. c4 e6 3. g3 d5 4. Nf3 dxc4 5. Bg2 a6 6. O-O b5 7. Ne5 c6 8. b3 cxb3 9. Nxc6 Qb6 10. Na5 Ra7 11. Nxb3 Rd7 12. e4 Bb7 13. d5 exd5 14. Be3 d4 15. Bxd4 Qe6 16. Nc3 Bb4 17. Nd5 Nxd5 18. exd5 Bxd5 19. Nc5 Bxc5 20. Re1 Be7 21. Rxe6 Bxe6 22. Qe1 Rxd4 23. Qe5 Rd6 24. Qxg7 Rf8 25. Qxh7 Nd7 26. Rc1 Bf6 27. Qe4 Ke7 28. f4 Bd4+ 29. Kh1 f5 30. Qb7 Rb8 31. Qc7 Bb6 32. Qc3 Nf6 33. Re1 Rbd8 34. Bf3 Kf7 35. Kg2 Ne4 36. Bh5+ Kg8 37. Rxe4 Bd5 38. Bf3 fxe4 39. Be2 e3+ 40. Kf1 Rc6 41. Qe5 Rc1+  0-1

[Event "BL 0607 Hamburger SK - OSC Baden Baden"]
[Site "?"]
[Date "2007.04.01"]
[Round "15.3"]
[White "Shirov, Alexei"]
[Black "Ftacnik, Lubomir Dr"]
[Result "1/2-1/2"]
[BlackElo "2580"]
[EventDate "2007.??.??"]
[PlyCount "118"]
[WhiteElo "2720"]

1. e4 c5 2. Nf3 d6 3. d4 cxd4 4. Nxd4 Nf6 5. Nc3 a6 6. Bg5 e6 7. f4 Qb6 8. Qd2 Qxb2 9. Rb1 Qa3 10. e5 h6 11. Bh4 dxe5 12. fxe5 Nfd7 13. Ne4 Qxa2 14. Rd1 Qd5 15. Qe3 Qxe5 16. Be2 Bc5 17. Bg3 Bxd4 18. Rxd4 Qa5+ 19. Rd2 O-O 20. Bd6 Re8 21. O-O f5 22. Qg3 Nc6 23. Qg6 Qd8 24. Bc4 Kh8 25. Ng5 Qxg5 26. Qxe8+ Kh7 27. Qxe6 Nf6 28. Qe2 Ne4 29. Rd3 Qg6 30. Ba3 Ne5 31. Rd4 Qb6 32. Rd1 Nc6 33. Qe3 Nxd4 34. Qxd4 Qxd4+ 35. Rxd4 b5 36. Bd3 Ra7 37. Rd8 Be6 38. Re8 Bc4 39. Bxe4 fxe4 40. Rxe4 Rd7 41. Bb4 Kg6 42. Re7 Rd1+ 43. Re1 Rxe1+ 44. Bxe1 Kf5 45. Ba5 h5 46. g3 Ke4 47. Kf2 g5 48. c3 g4 49. Bb4 Kd3 50. Ba5 Bf7 51. Bb4 Bg6 52. Ba5 Kc4 53. Ke3 Kb3 54. Kd2 Ka4 55. Bc7 a5 56. Bd8 b4 57. cxb4 axb4 58. Bf6 Kb3 59. Bg7 Kc4  1/2-1/2

[Event "BL 0607 Solinger SG - SG Köln Porz"]
[Site "?"]
[Date "2007.04.01"]
[Round "15.5"]
[White "Graf, Alexander"]
[Black "Werle, Jan"]
[Result "1/2-1/2"]
[BlackElo "2551"]
[EventDate "2007.??.??"]
[PlyCount "109"]
[WhiteElo "2601"]

1. d4 Nf6 2. c4 e6 3. Nc3 Bb4 4. e3 O-O 5. Nf3 d5 6. Be2 b6 7. O-O dxc4 8. Bxc4 Bb7 9. a3 Bxc3 10. bxc3 Nbd7 11. Re1 c5 12. Bd3 Be4 13. Bf1 Qc7 14. Nd2 Bb7 15. Bb2 e5 16. e4 Rad8 17. Rc1 Ne8 18. Qh5 Nef6 19. Qh4 Rfe8 20. f3 Nf8 21. Qf2 Ng6 22. Nc4 Nd7 23. Ne3 Ndf8 24. a4 Qc8 25. d5 Ba6 26. c4 Qc7 27. a5 Bc8 28. Bc3 Bd7 29. Ra1 Rb8 30. Reb1 Ne7 31. axb6 axb6 32. Ra6 Nc8 33. Rba1 f6 34. Bd3 Nd6 35. Ra7 Rb7 36. Rxb7 Qxb7 37. Qa2 Rb8 38. Qa7 Qxa7 39. Rxa7 Rb7 40. Ra8 Kf7 41. h4 h5 42. Kf2 Ng6 43. g3 Ke7 44. Nf1 Nc8 45. Ke3 Ra7 46. Rxa7 Nxa7 47. Be2 b5 48. Ba5 Kd6 49. f4 exf4+ 50. gxf4 Nxh4 51. Ng3 bxc4 52. Bxc4 Nb5 53. Nxh5 Nd4 54. Kf2 Ng6 55. Kg3  1/2-1/2

[Event "BL 0607 Solinger SG - SG Köln Porz"]
[Site "?"]
[Date "2007.04.01"]
[Round "15.6"]
[White "Hoffmann, Michael"]
[Black "Sakaev, Konstantin"]
[Result "1/2-1/2"]
[BlackElo "2641"]
[EventDate "2007.??.??"]
[PlyCount "42"]
[WhiteElo "2477"]

1. e4 c6 2. c4 d5 3. cxd5 cxd5 4. exd5 Nf6 5. Nc3 Nxd5 6. Nf3 e6 7. Bc4 Nxc3 8. bxc3 Bd6 9. d4 Qc7 10. Qd3 Nd7 11. O-O O-O 12. Bb3 b6 13. Ng5 Nf6 14. Bc2 g6 15. Qf3 Kg7 16. Ne4 Nxe4 17. Bxe4 Rb8 18. h4 f5 19. Bc6 Ba6 20. Re1 Bc4 21. Ba4 Bd5  1/2-1/2

[Event "BL 0607 Solinger SG - SG Köln Porz"]
[Site "?"]
[Date "2007.04.01"]
[Round "15.7"]
[White "Korneev, Oleg"]
[Black "Smeets, Jan"]
[Result "0-1"]
[BlackElo "2525"]
[EventDate "2007.??.??"]
[PlyCount "194"]
[WhiteElo "2657"]

1. e4 e5 2. Nf3 Nc6 3. Bb5 a6 4. Ba4 Nf6 5. O-O Bc5 6. c3 b5 7. Bb3 d6 8. a4 Bg4 9. d3 O-O 10. h3 Bxf3 11. Qxf3 Na5 12. Bc2 b4 13. Nd2 Rb8 14. Re1 Re8 15. Rb1 b3 16. Bd1 Qd7 17. Ra1 d5 18. exd5 Qxd5 19. Ne4 Nxe4 20. dxe4 Qe6 21. Be2 Red8 22. Qg4 Qb6 23. Rf1 Rd6 24. Qg3 Re8 25. Kh1 Qc6 26. f3 Ba7 27. Ra3 h6 28. Kh2 Rg6 29. Qh4 Qc5 30. Rd1 Rd6 31. Qe1 Red8 32. Rxd6 Rxd6 33. Qf1 Qc6 34. Ra1 Bc5 35. Qe1 Qb6 36. Bf1 Bg1+ 37. Kh1 Qf2 38. Qxf2 Bxf2 39. Be2 Bg3 40. Kg1 Bf4 41. Bxf4 exf4 42. Rd1 Rxd1+ 43. Bxd1 Nc4 44. Bxb3 Nxb2 45. g3 g5 46. h4 a5 47. hxg5 hxg5 48. gxf4 gxf4 49. Kg2 Kg7 50. Kf2 Nd3+ 51. Kg2 Nc5 52. Bc2 Kf6 53. Kf2 Kg5 54. Kg2 Kh4 55. Kh2 Nd7 56. Bd3 Ne5 57. Be2 Kh5 58. Kh3 Kg5 59. Kg2 Kf6 60. Kf2 Nd7 61. Bd1 Nc5 62. Bc2 Ke5 63. Kg2 Nd7 64. Bb3 Nb6 65. Kf2 Kd6 66. Ke2 f6 67. Kd3 Kc5 68. Bd1 Nc4 69. Bb3 Ne3 70. Ke2 Kd6 71. Kd3 Kc5 72. Ke2 Nc4 73. Kd3 Nd6 74. Bg8 Nc8 75. Be6 Ne7 76. Bf7 Nc6 77. Bb3 Ne5+ 78. Ke2 Kc6 79. Bd5+ Kd7 80. Bb3 Ke7 81. Kf2 Kf8 82. Bd1 Nd3+ 83. Ke2 Nc5 84. Bc2 Kg7 85. Kf2 Kh6 86. Kg2 Kg5 87. Kh3 Nd7 88. Bd3 Nb6 89. Bb5 f5 90. exf5 Nd5 91. c4 Ne3 92. c5 Nxf5 93. Bd3 Nd4 94. Kg2 Kf6 95. Kf2 Ke5 96. Bc4 Ne6 97. c6 Nd4  0-1

[Event "BL 0607 SV Wattenscheid - SC Remagen"]
[Site "?"]
[Date "2007.04.01"]
[Round "15.1"]
[White "Bauer, Christian"]
[Black "Rustemov, Alexander"]
[Result "1/2-1/2"]
[BlackElo "2552"]
[EventDate "2007.??.??"]
[PlyCount "27"]
[WhiteElo "2589"]

1. e4 e6 2. d4 d5 3. Nc3 Bb4 4. Ne2 dxe4 5. a3 Be7 6. Nxe4 Nf6 7. Qd3 Nxe4 8. Qxe4 Nd7 9. Bf4 Nf6 10. Qf3 Bd7 11. Be5 Bc6 12. Qg3 Qd7 13. Nc3 O-O-O 14. O-O-O  1/2-1/2